| Tag |
First Indicator |
Second Indicator |
Subfields |
| LEADER |
00000cam a2200000 i 4500 |
| 001 |
in00000992313 |
| 005 |
20150927154710.0 |
| 008 |
751216s1973 caua b 00010 engm |
| 010 |
|
|
|a 75620565
|
| 035 |
|
|
|a (OCoLC)01977355
|
| 035 |
|
|
|9 AEY2184AM
|
| 040 |
|
|
|a DLC
|c DLC
|d m.c.
|d TXA
|d UtOrBLW
|
| 043 |
|
|
|a n-us-ca
|a n-us-nv
|
| 049 |
1 |
|
|a TXA2
|
| 050 |
0 |
0 |
|a TD1
|b .C34 no. 73-2
|a QH545.W3
|
| 082 |
0 |
|
|a 628/.08 s
|a 574.5/2632
|
| 090 |
|
|
|a TD224.C3
|b P82 no. 52
|
| 110 |
2 |
|
|a University of California, Berkeley.
|b Sanitary Engineering Research Laboratory.
|
| 245 |
1 |
0 |
|a Assessment of biological effects of treated wastewater on the Truckee River :
|b final report /
|c by H. P. Skarheim [and others].
|
| 264 |
|
1 |
|a Berkeley :
|b University of California, College of Engineering, School of Public Health, Sanitary Engineering Research Laboratory,
|c 1973.
|
| 300 |
|
|
|a x, 129 pages :
|b illustrations ;
|c 28 cm.
|
| 336 |
|
|
|a text
|b txt
|2 rdacontent
|
| 337 |
|
|
|a unmediated
|b n
|2 rdamedia
|
| 338 |
|
|
|a volume
|b nc
|2 rdacarrier
|
| 490 |
1 |
|
|a California. State Water Resources Control Board. Publication,
|v no. 52
|
| 490 |
1 |
|
|a SERL report ;
|v no. 73-2
|
| 504 |
|
|
|a Includes bibliographical references.
|
| 536 |
|
|
|b 2-2-6
|
| 650 |
|
0 |
|a Water
|x Pollution
|x Environmental aspects
|z California
|z Truckee River.
|
| 650 |
|
0 |
|a Sewage
|x Environmental aspects
|z California
|z Truckee River.
|
| 651 |
|
0 |
|a Truckee River (Calif. and Nev.)
|
| 650 |
|
0 |
|a Sewage disposal.
|
| 650 |
|
0 |
|a Water
|x Purification.
|
| 700 |
1 |
|
|a Skarheim, H. P.
|
| 710 |
1 |
|
|a California.
|b State Water Resources Control Board.
|
| 830 |
|
0 |
|a Publication (California. State Water Resources Control Board) ;
|v no. 52.
|
| 830 |
|
0 |
|a SERL report ;
|v no. 73-2.
|
| 999 |
|
|
|a MARS
|
| 999 |
f |
f |
|s fd651f0a-2d17-3a4e-a9cc-0f323a5968cb
|i 9ea817d6-44c1-3e70-be99-ba79f48d9b2c
|t 0
|
| 952 |
f |
f |
|p ric
|a Texas A&M University
|b Rellis Campus
|c Joint Library Facility
|d Remote Storage
|t 0
|e TD224.C3 P82 no.52
|h Library of Congress classification
|i unmediated -- volume
|m A14812820984
|
| 998 |
f |
f |
|a TD224.C3 P82 no.52
|t 0
|l Remote Storage
|